[Event "4NCL Online Division 5"]
[Site "online"]
[Date "2020.05.12"]
[Round "6.153"]
[White "Lynch, Mark"]
[Black "Mottram, Paul"]
[Result "1-0"]
[WhiteElo "1472"]
[BlackElo "1570"]
[PlyCount "75"]
[EventDate "2020.05.12"]
[WhiteTeam "Broken Herts 2"]
[BlackTeam "Wigston 2"]

1. d4 d5 2. Nc3 Nf6 3. Bf4 e6 4. e3 Bb4 5. Bd3 c5 6. a3 Bxc3+ 7. bxc3 Nbd7 8.
Nf3 c4 9. Be2 Ne4 10. Nd2 Nxc3 11. Qc1 Nxe2 12. Kxe2 O-O 13. c3 Nf6 14. h3 b5
15. Qc2 Nh5 16. Bh2 Bd7 17. Nf3 f6 18. g4 e5 19. Rhg1 Nf4+ 20. exf4 exf4 21.
Bxf4 Re8+ 22. Be3 Re4 23. Rge1 f5 24. Kf1 fxg4 25. Ng5 Rxe3 26. Qxh7+ Kf8 27.
Qh8+ Ke7 28. Qxg7+ Kd6 29. Rxe3 Kc6 30. Qg6+ Kb7 31. Ne6 Qh8 32. Qxg4 Kb6 33.
Qf4 Bxe6 34. Rxe6+ Ka5 35. Qc7+ Ka4 36. Re3 Qf8 37. Rb1 Qf5 38. Rb4+ 1-0

[Event "4NCL Online Division 5"]
[Site "online"]
[Date "2020.05.12"]
[Round "6.154"]
[White "Milligan, Alex"]
[Black "Huhn, Robert M"]
[Result "1-0"]
[WhiteElo "1487"]
[BlackElo "1412"]
[PlyCount "85"]
[EventDate "2020.05.12"]
[WhiteTeam "Wigston 2"]
[BlackTeam "Broken Herts 2"]

1. b3 d5 2. Bb2 Nf6 3. e3 c5 4. Nf3 Nc6 5. Bb5 Bd7 6. O-O e6 7. d3 Be7 8. Nbd2
O-O 9. Bxc6 Bxc6 10. Ne5 Rc8 11. f4 Nd7 12. Ndf3 Nxe5 13. Nxe5 f6 14. Nxc6 Rxc6
15. Qe1 Qc7 16. Qg3 Bd6 17. Qh3 e5 18. Qe6+ Kh8 19. Qxd5 exf4 20. exf4 Bxf4 21.
g3 Rd6 22. Qf3 Bh6 23. Rad1 Re6 24. d4 Re3 25. Qg2 cxd4 26. Bxd4 Re6 27. c4
Be3+ 28. Bxe3 Rxe3 29. Qf2 Rfe8 30. Rde1 Rxe1 31. Rxe1 Rxe1+ 32. Qxe1 Qc5+ 33.
Qf2 Qa5 34. Qe2 Qc5+ 35. Kg2 Qc6+ 36. Qf3 Qd7 37. Qd5 Qc8 38. c5 b6 39. c6 Qe8
40. Kf2 Qe7 41. a3 g6 42. b4 Kg7 43. Qd7 1-0

[Event "4NCL Online Division 5"]
[Site "online"]
[Date "2020.05.12"]
[Round "6.161"]
[White "Chatterton, Craig"]
[Black "Brewis, Alan"]
[Result "1/2-1/2"]
[WhiteElo "1622"]
[BlackElo "1375"]
[PlyCount "60"]
[EventDate "2020.05.12"]
[WhiteTeam "Darnall & Handsworth"]
[BlackTeam "Broken Herts 3"]

1. e4 d6 2. d4 Nf6 3. Nc3 e5 4. dxe5 dxe5 5. Bd3 Nc6 6. a3 a6 7. h3 Bd6 8. Nf3
O-O 9. Bg5 Be6 10. Nd5 b5 11. Nxf6+ gxf6 12. Bh6 Re8 13. Qe2 Bf8 14. Be3 Bd6
15. g4 Kh8 16. Nh4 Rg8 17. Qf3 Qe7 18. Ke2 Nd4+ 19. Bxd4 exd4 20. Nf5 Bxf5 21.
gxf5 c5 22. b3 Qc7 23. Kd1 c4 24. bxc4 bxc4 25. Be2 Rab8 26. h4 Be5 27. Rc1 Bf4
28. Ra1 Be5 29. Rc1 Bf4 30. Ra1 Be5 1/2-1/2

[Event "4NCL Online Division 5"]
[Site "online"]
[Date "2020.05.12"]
[Round "6.162"]
[White "Gilmour, Ian"]
[Black "Feather, Harry"]
[Result "0-1"]
[WhiteElo "1397"]
[BlackElo "1562"]
[PlyCount "62"]
[EventDate "2020.05.12"]
[WhiteTeam "Broken Herts 3"]
[BlackTeam "Darnall & Handsworth"]

1. d4 f5 2. c4 e6 3. Nc3 Nf6 4. Bg5 Be7 5. Nf3 O-O 6. e3 Ne4 7. Bxe7 Qxe7 8.
Nxe4 fxe4 9. Nd2 d5 10. Qe2 a5 11. a3 a4 12. f4 c5 13. g3 cxd4 14. exd4 Qf6 15.
Qe3 Nc6 16. b4 Nxd4 17. Rc1 Nf5 18. Qc3 d4 19. Qc2 e3 20. Ne4 Qe7 21. Bd3 e5
22. g4 Qh4+ 23. Kf1 Qxg4 24. Ng3 exf4 25. Be2 Nxg3+ 26. hxg3 fxg3+ 27. Ke1 Qg6
28. Bd3 Bf5 29. Bxf5 Rxf5 30. Rf1 g2 31. Qxf5 Qxf5 0-1

[Event "4NCL Online Division 5"]
[Site "online"]
[Date "2020.05.12"]
[Round "6.163"]
[White "Barker, Ian"]
[Black "Dometakis, Lakis"]
[Result "1-0"]
[WhiteElo "1510"]
[BlackElo "1315"]
[PlyCount "73"]
[EventDate "2020.05.12"]
[WhiteTeam "Darnall & Handsworth"]
[BlackTeam "Broken Herts 3"]

1. e4 c5 2. Nf3 d6 3. d4 cxd4 4. Nxd4 Nf6 5. Nc3 a6 6. Bg5 e6 7. f4 Be7 8. Qf3
O-O 9. O-O-O Nc6 10. Nb3 Qc7 11. g4 Bd7 12. Bxf6 Bxf6 13. g5 Bxc3 14. Qxc3 Rac8
15. h4 b5 16. Qd3 Nb4 17. Qd2 Nxa2+ 18. Kb1 Nb4 19. c3 Nc6 20. Qxd6 Qb6 21. Nc5
Rfd8 22. Nxd7 Rxd7 23. Qxd7 Rd8 24. Qxd8+ Nxd8 25. Bg2 g6 26. e5 Nb7 27. Rd4
Nc5 28. Rhd1 Nb3 29. Rd8+ Kg7 30. Rc8 Qf2 31. Rdd8 Qe1+ 32. Ka2 Nc1+ 33. Ka3
b4+ 34. Ka4 h6 35. Rg8+ Kh7 36. Rh8+ Kg7 37. Rcg8# 1-0

[Event "4NCL Online Division 5"]
[Site "online"]
[Date "2020.05.12"]
[Round "6.164"]
[White "Berkhout, Theo"]
[Black "Oughton, John M"]
[Result "0-1"]
[WhiteElo "1067"]
[BlackElo "1127"]
[PlyCount "90"]
[EventDate "2020.05.12"]
[WhiteTeam "Broken Herts 3"]
[BlackTeam "Darnall & Handsworth"]

1. c4 Nf6 2. Nc3 d5 3. e3 Bf5 4. Nf3 Nc6 5. d4 dxc4 6. Bxc4 e6 7. a3 Be7 8. O-O
O-O 9. Re1 Ne4 10. Nxe4 Bxe4 11. b4 Bd6 12. Bd3 Bxd3 13. Qxd3 Ne7 14. Bb2 Ng6
15. e4 c6 16. e5 Be7 17. Re4 Nh4 18. Nxh4 Bxh4 19. Qh3 Bg5 20. Rae1 f5 21. exf6
Rxf6 22. Rxe6 Rxe6 23. Qxe6+ Kh8 24. Qe5 Bf6 25. Qh5 Qf8 26. Re4 Rd8 27. g3 b6
28. Rf4 Rd5 29. Qf3 Qf7 30. h4 h5 31. g4 Qe8 32. g5 Be7 33. Rf7 g6 34. Qe3 Qxf7
35. Qg3 Bd6 36. f4 Bxf4 37. Qh3 Qf8 38. Kg2 Qe8 39. Qf3 Bd6 40. Bc3 Rf5 41. d5+
Kh7 42. Qd1 Qe4+ 43. Kh3 Qe3+ 44. Kg2 Qf2+ 45. Kh1 Qh2# 0-1

[Event "4NCL Online Division 5"]
[Site "online"]
[Date "2020.05.12"]
[Round "6.171"]
[White "Will, Douglas"]
[Black "Maton, Emily"]
[Result "1-0"]
[WhiteElo "1828"]
[BlackElo "1652"]
[PlyCount "77"]
[EventDate "2020.05.12"]
[WhiteTeam "Grangemouth Giants"]
[BlackTeam "St Albans 2"]

1. e4 c5 2. Nc3 g6 3. f4 Bg7 4. Nf3 Nc6 5. Bb5 a6 6. Bxc6 bxc6 7. d3 d5 8. e5
Bb7 9. O-O e6 10. b3 Nh6 11. Na4 Qe7 12. Ba3 Nf5 13. Bxc5 Qd8 14. Qe1 d4 15.
Qb4 Rb8 16. Nxd4 a5 17. Qb6 Nxd4 18. Bxd4 O-O 19. Qxd8 Rbxd8 20. Bb6 Ra8 21.
Nc5 Bc8 22. a4 Re8 23. Ne4 Ra6 24. Be3 Rd8 25. g4 Bf8 26. h4 Be7 27. g5 Kg7 28.
Kg2 Bb7 29. Nc5 Bxc5 30. Bxc5 Rd5 31. d4 Rd7 32. Rf3 Rd5 33. h5 Kg8 34. Rh1 Ra8
35. Rfh3 Rxd4 36. hxg6 fxg6 37. Rxh7 Rd2+ 38. Bf2 c5+ 39. Rxb7 1-0

[Event "4NCL Online Division 5"]
[Site "online"]
[Date "2020.05.12"]
[Round "6.172"]
[White "Palmer, James C"]
[Black "Sandham, Alasdair"]
[Result "1-0"]
[WhiteElo "1720"]
[BlackElo "1361"]
[PlyCount "53"]
[EventDate "2020.05.12"]
[WhiteTeam "St Albans 2"]
[BlackTeam "Grangemouth Giants"]

1. f4 e5 2. fxe5 d6 3. exd6 Bxd6 4. Nf3 Bg4 5. e4 Nc6 6. Bb5 Bxf3 7. Qxf3 Nge7
8. d4 a6 9. Bxc6+ Nxc6 10. c3 O-O 11. e5 Nxd4 12. cxd4 Bb4+ 13. Bd2 Qxd4 14.
Bxb4 Qxb4+ 15. Nc3 Qxb2 16. O-O b6 17. Rab1 Qc2 18. Nd5 Qc5+ 19. Kh1 Rad8 20.
Rfd1 Rfe8 21. Rbc1 Qa5 22. Rxc7 Rf8 23. e6 fxe6 24. Qg4 g6 25. Nf6+ Rxf6 26.
Rxd8+ Rf8 27. Qxe6+ 1-0

[Event "4NCL Online Division 5"]
[Site "online"]
[Date "2020.05.12"]
[Round "6.173"]
[White "Hanlon, Hugh W"]
[Black "Kalyviotis, Alexandros"]
[Result "0-1"]
[WhiteElo "1319"]
[BlackElo "1600"]
[PlyCount "85"]
[EventDate "2020.05.12"]
[WhiteTeam "Grangemouth Giants"]
[BlackTeam "St Albans 2"]

1. e4 c5 2. Nf3 d6 3. Bc4 Nf6 4. d3 a6 5. a3 Nc6 6. O-O g6 7. h3 Bg7 8. Bd2 O-O
9. Bc3 Rb8 10. Bxf6 Bxf6 11. c3 b5 12. Bb3 b4 13. a4 bxc3 14. Nxc3 Qb6 15. Ra3
Na5 16. Nd2 Nxb3 17. Rxb3 Qa7 18. Rxb8 Qxb8 19. Qc2 Be6 20. Rb1 Qb7 21. Ne2 Rb8
22. b3 Qb4 23. Nf4 Bd7 24. Nd5 Qb7 25. Nxf6+ exf6 26. Nc4 Qb4 27. Nxd6 Bxa4 28.
Qc4 Qxc4 29. dxc4 Rxb3 30. Ra1 Rb4 31. Re1 Bb3 32. e5 f5 33. e6 fxe6 34. Rxe6
a5 35. Re8+ Kg7 36. Rc8 a4 37. Rxc5 a3 38. Rc7+ Kf6 39. f4 a2 40. Rf7+ Ke6 41.
c5 a1=Q+ 42. Kh2 Bd5 43. Nc8 0-1

[Event "4NCL Online Division 5"]
[Site "online"]
[Date "2020.05.12"]
[Round "6.174"]
[White "Pines, Chris"]
[Black "Whitton, Nicholas"]
[Result "1-0"]
[WhiteElo "1570"]
[BlackElo "1032"]
[PlyCount "119"]
[EventDate "2020.05.12"]
[WhiteTeam "St Albans 2"]
[BlackTeam "Grangemouth Giants"]

1. c4 e5 2. Nc3 Nf6 3. b3 Bc5 4. e3 d5 5. cxd5 Nxd5 6. Nxd5 Qxd5 7. Qf3 Qxf3 8.
Nxf3 Nc6 9. Bb2 f6 10. Bc4 Bg4 11. h3 Bxf3 12. gxf3 Nb4 13. O-O O-O-O 14. Bc3
Nc2 15. Rad1 Rd6 16. Rc1 Nb4 17. Ra1 Nc2 18. Rac1 Nb4 19. Bxb4 Bxb4 20. d3 f5
21. Rc2 h5 22. Ra1 h4 23. a3 Bc5 24. b4 Bb6 25. a4 Rh5 26. a5 Rg6+ 27. Kh1 Rhg5
28. axb6 axb6 29. Bf7 Rf6 30. Ra8+ Kd7 31. Be8+ Ke7 32. Rxc7+ Kd6 33. Rd7+ Ke6
34. Rad8 f4 35. Rxb7 fxe3 36. Bd7+ Ke7 37. Re8+ Kf7 38. Bc6+ Kg6 39. Be4+ Kh5
40. fxe3 Rg3 41. Kh2 Kg5 42. Rxg7+ Kh6 43. Rxg3 hxg3+ 44. Kxg3 Rf7 45. Rxe5
Rg7+ 46. Kf2 b5 47. Rxb5 Rc7 48. Rc5 Ra7 49. d4 Ra2+ 50. Rc2 Ra8 51. Bxa8 Kg5
52. Kg3 Kh5 53. Rc5+ Kg6 54. b5 Kf6 55. b6 Ke6 56. b7 Kd7 57. b8=Q Ke6 58. Qb6+
Kd7 59. Rc7+ Kd8 60. Qb8# 1-0

[Event "4NCL Online Division 5"]
[Site "online"]
[Date "2020.05.12"]
[Round "6.181"]
[White "Branch, Graham"]
[Black "Yogit, S."]
[Result "0-1"]
[WhiteElo "1450"]
[BlackElo "2084"]
[PlyCount "66"]
[EventDate "2020.05.12"]
[WhiteTeam "St Albans 4"]
[BlackTeam "Uxbridge Knights"]

1. c4 e6 2. d4 d5 3. e3 c5 4. Nf3 Nc6 5. Be2 Nf6 6. O-O cxd4 7. Nxd4 Bd6 8.
cxd5 exd5 9. Nc3 O-O 10. Nf3 a6 11. Kh1 Bc7 12. b3 Re8 13. Re1 Qd6 14. g3 Ba5
15. Bb2 Bxc3 16. Bxc3 Ne4 17. Qc2 Nxf2+ 18. Kg2 Ne4 19. Bd3 Bg4 20. Bxe4 dxe4
21. Nd4 Rac8 22. Qb2 Ne5 23. Rf1 Qh6 24. h4 Qxe3 25. Bd2 Qd3 26. Rae1 Nf3 27.
Nxf3 Bxf3+ 28. Kh3 Rc2 29. Qa3 Qxd2 30. Rxf3 Qg2+ 31. Kg4 Qxf3+ 32. Kh3 Qf5+
33. g4 Qf3# 0-1

[Event "4NCL Online Division 5"]
[Site "online"]
[Date "2020.05.12"]
[Round "6.182"]
[White "Knight, Daniel"]
[Black "Feldman, Keith"]
[Result "1-0"]
[WhiteElo "1697"]
[BlackElo "1330"]
[PlyCount "83"]
[EventDate "2020.05.12"]
[WhiteTeam "Uxbridge Knights"]
[BlackTeam "St Albans 4"]

1. d4 Nf6 2. Bf4 e6 3. e3 Nc6 4. Nf3 d5 5. a3 Bd6 6. Bg3 O-O 7. Nc3 Re8 8. Nb5
Ne4 9. Nxd6 Nxd6 10. Bd3 Nf5 11. Qd2 Qe7 12. c3 Nxg3 13. hxg3 g6 14. Kf1 e5 15.
dxe5 Nxe5 16. Nxe5 Qxe5 17. Re1 Bf5 18. Bxf5 Qxf5 19. Rd1 Rad8 20. Qd4 b6 21.
Qh4 h5 22. Qd4 c6 23. Qa4 Rxe3 24. g4 Qf6 25. gxh5 Re7 26. hxg6 fxg6 27. Rh3
Rf8 28. Rf3 Qh8 29. Rxf8+ Kxf8 30. Kg1 Rh7 31. Qf4+ Rf7 32. Qd6+ Kg7 33. Qxc6
Qh5 34. Qxd5 Rf5 35. Qd7+ Rf7 36. Qd4+ Rf6 37. Re1 Qf5 38. Re7+ Kh6 39. Qh4+
Qh5 40. Qxf6 Qd1+ 41. Kh2 Qh5+ 42. Kg3 1-0

[Event "4NCL Online Division 5"]
[Site "online"]
[Date "2020.05.12"]
[Round "6.183"]
[White "Cowan, James"]
[Black "Foale, Ron"]
[Result "0-1"]
[WhiteElo "1300"]
[BlackElo "1532"]
[PlyCount "29"]
[EventDate "2020.05.12"]
[WhiteTeam "St Albans 4"]
[BlackTeam "Uxbridge Knights"]

1. e4 g6 2. Nf3 Bg7 3. d4 f6 4. Bd2 Nh6 5. Bd3 Nf7 6. Nc3 O-O 7. O-O d6 8. Re1
Nc6 9. Nd5 e6 10. Nc3 Nb4 11. a3 Nxd3 12. cxd3 e5 13. dxe5 dxe5 14. Bh6 Bxh6
15. Nh4 0-1

[Event "4NCL Online Division 5"]
[Site "online"]
[Date "2020.05.12"]
[Round "6.184"]
[White "Hasan, Abu"]
[Black "Harris, Stuart"]
[Result "1-0"]
[WhiteElo "1405"]
[BlackElo "1300"]
[PlyCount "53"]
[EventDate "2020.05.12"]
[WhiteTeam "Uxbridge Knights"]
[BlackTeam "St Albans 4"]

1. e4 e5 2. Bc4 Nf6 3. Nf3 d6 4. O-O Nxe4 5. d4 Nc6 6. dxe5 dxe5 7. Qxd8+ Kxd8
8. Bxf7 Ke7 9. Bd5 Nb4 10. Bxe4 Nc6 11. Bg5+ Kd6 12. Rd1+ Kc5 13. Be3+ Kb5 14.
Nc3+ Ka6 15. Nd5 Bd6 16. Bd3+ b5 17. a4 Kb7 18. axb5 Ne7 19. Nxe7 Bxe7 20. Be4+
Kb8 21. Bxa8 Kxa8 22. Bxa7 Kb7 23. Be3 Rd8 24. Rxd8 Bxd8 25. Nxe5 Bf6 26. Ra7+
Kb8 27. Nc6# 1-0

[Event "4NCL Online Division 5"]
[Site "online"]
[Date "2020.05.12"]
[Round "6.191"]
[White "Siddle, Michael"]
[Black "Rizvi, Nasir"]
[Result "0-1"]
[WhiteElo "1562"]
[BlackElo "1989"]
[PlyCount "60"]
[EventDate "2020.05.12"]
[WhiteTeam "Bishop Knights"]
[BlackTeam "4 Gems"]

1. c4 g6 2. g3 Bg7 3. Bg2 Nf6 4. Nc3 O-O 5. Nf3 d6 6. d4 Bg4 7. O-O Nc6 8. Re1
Nd7 9. Qd2 Bxf3 10. exf3 Nxd4 11. f4 Rb8 12. Rb1 e5 13. Ne2 Nxe2+ 14. Rxe2 Re8
15. b3 exf4 16. Rxe8+ Qxe8 17. Qxf4 Qe2 18. Bd5 Qxa2 19. Qe4 c6 20. Bxf7+ Kxf7
21. Bg5 Re8 22. Qf4+ Kg8 23. Rd1 Be5 24. Qg4 Qc2 25. Qxd7 Qxd1+ 26. Kg2 Rf8 27.
Qe6+ Kh8 28. Bh6 Qf3+ 29. Kh3 Qf5+ 30. Qxf5 Rxf5 0-1

[Event "4NCL Online Division 5"]
[Site "online"]
[Date "2020.05.12"]
[Round "6.192"]
[White "Whelan, Joseph"]
[Black "Sides, David"]
[Result "1-0"]
[WhiteElo "1358"]
[BlackElo "1547"]
[PlyCount "185"]
[EventDate "2020.05.12"]
[WhiteTeam "4 Gems"]
[BlackTeam "Bishop Knights"]

1. e4 e5 2. Nf3 Nc6 3. Bc4 d6 4. d4 Bg4 5. Nc3 Nxd4 6. Be3 Nxf3+ 7. gxf3 Bd7 8.
Qd5 Be6 9. Qxb7 Bxc4 10. Qc6+ Ke7 11. Qxc4 Nf6 12. Bg5 h6 13. Bxf6+ gxf6 14.
Nd5+ Kd7 15. Qb5+ Ke6 16. Nxc7+ Qxc7 17. Qd5+ Kd7 18. Qxa8 Bg7 19. Qd5 Ke7 20.
O-O-O Rc8 21. c3 h5 22. Rd3 Rd8 23. Rhd1 Bf8 24. Rg1 Qb6 25. Qb3 Qxf2 26. Rgd1
Qc5 27. Qb7+ Ke8 28. Qd5 Qc7 29. c4 Qb6 30. Rb3 Qa6 31. Rb7 Be7 32. Rg1 Kf8 33.
Qb5 Qxa2 34. Kc2 Rc8 35. Rb8 Rd8 36. Rxd8+ Bxd8 37. Qc6 Ke7 38. Rg8 f5 39. Re8+
Kf6 40. Qxd6+ Kg5 41. Qxd8+ Kf4 42. Qd4 Qa4+ 43. b3 Qxe8 44. Qd2+ Kxf3 45. Qd3+
Kf4 46. exf5 Qc6 47. Qd5 Qf6 48. Qd4+ Kxf5 49. Qf2+ Ke6 50. Qxf6+ Kxf6 51. Kd3
Kf5 52. b4 Kf4 53. c5 Kf3 54. c6 e4+ 55. Kd2 Kf2 56. c7 e3+ 57. Kd3 e2 58. c8=Q
e1=Q 59. Qf5+ Kg1 60. Qg5+ Kh1 61. Qxh5 Qb1+ 62. Kc3 Qe1+ 63. Kc4 Qf1+ 64. Kc5
f5 65. h4 f4 66. Qd5+ f3 67. h5 Qg2 68. h6 f2 69. Qxg2+ Kxg2 70. h7 f1=Q 71.
h8=Q Qf5+ 72. Kc4 Qe6+ 73. Kc3 Qe1+ 74. Kb3 Qd1+ 75. Kc4 Qe2+ 76. Kb3 Qd1+ 77.
Ka3 Qd3+ 78. Ka4 Qa6+ 79. Kb3 Qd3+ 80. Qc3 Qd5+ 81. Qc4 Qd1+ 82. Qc2+ Qxc2+ 83.
Kxc2 Kf3 84. Kd3 Kf4 85. Kd4 Kf5 86. Kd5 Kf6 87. Kd6 Kf7 88. Kd7 Kf6 89. b5 Ke5
90. Kc6 Ke6 91. Kb7 Kd6 92. Kxa7 Kc7 93. b6+ 1-0

[Event "4NCL Online Division 5"]
[Site "online"]
[Date "2020.05.12"]
[Round "6.193"]
[White "Clynes, Chris"]
[Black "Gogia, Abeer"]
[Result "1/2-1/2"]
[WhiteElo "1435"]
[BlackElo "1412"]
[PlyCount "79"]
[EventDate "2020.05.12"]
[WhiteTeam "Bishop Knights"]
[BlackTeam "4 Gems"]

1. d4 d5 2. Nf3 Nf6 3. e3 c5 4. Bd3 Nc6 5. O-O e6 6. b3 Be7 7. Bb2 b6 8. Nbd2
O-O 9. c4 Ba6 10. dxc5 bxc5 11. Ne5 Nxe5 12. Bxe5 Bd6 13. Nf3 Bxe5 14. Nxe5 Nd7
15. Nxd7 Qxd7 16. f4 Bb7 17. Qh5 g6 18. Qh6 Qc6 19. Rf3 f5 20. Raf1 Rf7 21.
cxd5 exd5 22. Rh3 c4 23. Rc1 c3 24. Rg3 Qf6 25. Rg5 Qe6 26. Rg3 Rc8 27. h4 Ba6
28. Bxa6 Qxa6 29. Rc2 Qd3 30. h5 Rf6 31. hxg6 hxg6 32. Rxg6+ Rxg6 33. Qxg6+ Kf8
34. Qf6+ Ke8 35. Qe6+ Kd8 36. Qd6+ Ke8 37. Qe6+ Kf8 38. Qf6+ Kg8 39. Qg6+ Kf8
40. Qf6+ 1/2-1/2

[Event "4NCL Online Division 5"]
[Site "online"]
[Date "2020.05.12"]
[Round "6.194"]
[White "Whelan, Sean"]
[Black "Burnett, John"]
[Result "1-0"]
[WhiteElo "1267"]
[BlackElo "1247"]
[PlyCount "79"]
[EventDate "2020.05.12"]
[WhiteTeam "4 Gems"]
[BlackTeam "Bishop Knights"]

1. d4 d5 2. Bf4 Nc6 3. e3 a6 4. Nf3 h6 5. c4 Nf6 6. Nc3 Bf5 7. Bd3 e6 8. cxd5
Nxd5 9. Nxd5 Bxd3 10. Nxc7+ Ke7 11. Qxd3 Rc8 12. Nxe6 fxe6 13. O-O Nb4 14. Qa3
Ke8 15. Qa4+ Rc6 16. Ne5 b5 17. Nxc6 Nxc6 18. Qxa6 Qd5 19. Rac1 Ne7 20. Rc5 Qd7
21. Rfc1 Nd5 22. Rc8+ Kf7 23. R8c7 Nxc7 24. Rxc7 Ke8 25. Rxd7 Kxd7 26. Qxb5+
Ke7 27. Qb7+ Ke8 28. Qc6+ Kf7 29. g3 Be7 30. b4 Rd8 31. b5 g5 32. Be5 Bf6 33.
b6 Bxe5 34. dxe5 Rd1+ 35. Kg2 Rd5 36. b7 Rxe5 37. b8=Q Rd5 38. Qxd5 exd5 39.
Qe5 Kg6 40. Kf3 1-0

[Event "4NCL Online Division 5"]
[Site "online"]
[Date "2020.05.12"]
[Round "6.201"]
[White "Dhemrait, Surjit S"]
[Black "Mead-Herbert, Bradley"]
[Result "0-1"]
[WhiteElo "1518"]
[BlackElo "1555"]
[PlyCount "150"]
[EventDate "2020.05.12"]
[WhiteTeam "Harrow 4"]
[BlackTeam "Watford 3"]

1. e4 d5 2. exd5 Qxd5 3. Nc3 Qa5 4. d4 c6 5. Nf3 Bg4 6. Be2 Nd7 7. O-O Ngf6 8.
Bd2 Qc7 9. a3 e6 10. b4 Bd6 11. b5 Bxf3 12. Bxf3 Bxh2+ 13. Kh1 Bd6 14. bxc6
bxc6 15. Ne4 Nxe4 16. Bxe4 Nf6 17. Bf3 h5 18. Bg5 Ng4 19. g3 f6 20. Bd2 Bxg3
21. Kg2 Bxf2 22. Rh1 Qg3+ 23. Kf1 Nh2+ 24. Rxh2 Qg1+ 25. Ke2 Qxh2 26. Bxc6+ Kf7
27. Bxa8 Bxd4+ 28. Kd3 Rxa8 29. Qh1 Qg3+ 30. Ke2 Qg4+ 31. Kf1 Qf5+ 32. Ke2 Qf2+
33. Kd1 Bxa1 34. Qxa8 Qf1+ 35. Be1 Bc3 36. Qxa7+ Kg6 37. Qe3 Qxe1+ 38. Qxe1
Bxe1 39. Kxe1 Kf7 40. Kd2 h4 41. Ke2 g5 42. c4 Ke7 43. a4 Kd6 44. a5 Kc5 45.
Kf3 f5 46. Kg2 e5 47. Kh3 e4 48. a6 Kb6 49. c5+ Kxa6 50. Kg2 Kb7 51. Kf2 Kc6
52. Kg2 Kxc5 53. Kh3 Kd5 54. Kg2 Ke5 55. Kh1 Kf4 56. Kg2 Kg4 57. Kh2 Kh5 58.
Kg2 g4 59. Kh2 h3 60. Kg1 Kg5 61. Kf2 f4 62. Kg1 Kf5 63. Kh2 Ke5 64. Kg1 Kd4
65. Kh2 Ke3 66. Kg1 Kf3 67. Kh2 Kf2 68. Kh1 Ke3 69. Kh2 f3 70. Kg1 Kf4 71. Kh2
e3 72. Kh1 e2 73. Kh2 g3+ 74. Kxh3 g2 75. Kh2 e1=Q 0-1

[Event "4NCL Online Division 5"]
[Site "online"]
[Date "2020.05.12"]
[Round "6.202"]
[White "Vig, Sanjay"]
[Black "Nettleton, Robin"]
[Result "1-0"]
[WhiteElo "1532"]
[BlackElo "1487"]
[PlyCount "69"]
[EventDate "2020.05.12"]
[WhiteTeam "Watford 3"]
[BlackTeam "Harrow 4"]

1. e4 e5 2. f4 Nc6 3. Nf3 d6 4. Bc4 Qf6 5. O-O Be6 6. Bb5 Bd7 7. fxe5 dxe5 8.
Nc3 Qg6 9. Nd5 O-O-O 10. d3 Bh3 11. Nh4 Qg4 12. Qxg4+ Bxg4 13. Rxf7 Be6 14. Rf1
Bc5+ 15. Kh1 Bxd5 16. exd5 Rxd5 17. Bc4 Rd8 18. Bg5 Be7 19. Be6+ Kb8 20. Bxe7
Ngxe7 21. Rf7 g6 22. Raf1 Nd4 23. Rxe7 Nxc2 24. Bc4 Rde8 25. Rff7 Rhf8 26. Rxf8
Rxf8 27. Nf3 a6 28. h3 h5 29. Bf7 Nb4 30. Bxg6 Nxd3 31. Bxd3 Rd8 32. Nxe5 Rd5
33. Kh2 Kc8 34. Re8+ Rd8 35. Bf5+ 1-0

[Event "4NCL Online Division 5"]
[Site "online"]
[Date "2020.05.12"]
[Round "6.203"]
[White "Dilukshan, Manoharan"]
[Black "Nokes, Oliver"]
[Result "0-1"]
[WhiteElo "1480"]
[BlackElo "1350"]
[PlyCount "96"]
[EventDate "2020.05.12"]
[WhiteTeam "Harrow 4"]
[BlackTeam "Watford 3"]

1. e4 e5 2. Nf3 Nc6 3. Bb5 a6 4. Ba4 b5 5. Bb3 Bc5 6. a3 Nf6 7. d3 d6 8. h3 O-O
9. Nc3 h6 10. Nd5 Be6 11. Bd2 Bxd5 12. exd5 Ne7 13. Qe2 Re8 14. O-O-O Nexd5 15.
Nh2 b4 16. a4 a5 17. Ng4 c6 18. Ne3 Nf4 19. Qf3 d5 20. Ng4 Nxg4 21. Qxg4 Bxf2
22. Rdf1 Qh4 23. Bxf4 exf4 24. Qxh4 Bxh4 25. Kd1 g5 26. Rf3 Re3 27. Rhf1 Rxf3
28. gxf3 Rb8 29. Kd2 f5 30. Rg1 Bf2 31. Rg2 Be3+ 32. Kd1 Bd4 33. Kc1 Kg7 34.
Re2 Kf6 35. Ba2 h5 36. Bb3 g4 37. h4 gxf3 38. Re1 f2 39. Rf1 f3 40. Kd2 Rg8 41.
c3 bxc3+ 42. bxc3 Bb6 43. d4 Rg2 44. Ke3 Rh2 45. Kxf3 Rh3+ 46. Kg2 Rxc3 47.
Rxf2 Rxb3 48. Rf4 Rb4 0-1

[Event "4NCL Online Division 5"]
[Site "online"]
[Date "2020.05.12"]
[Round "6.204"]
[White "Hylands, Keith"]
[Black "Walker, David J R"]
[Result "1-0"]
[WhiteElo "1382"]
[BlackElo "1285"]
[PlyCount "121"]
[EventDate "2020.05.12"]
[WhiteTeam "Watford 3"]
[BlackTeam "Harrow 4"]

1. e4 c5 2. Nf3 d6 3. Bb5+ Bd7 4. Bxd7+ Qxd7 5. d3 h6 6. O-O Nf6 7. b3 e6 8.
Bb2 Be7 9. Re1 Nc6 10. e5 dxe5 11. Nxe5 Qc7 12. Nxc6 Qxc6 13. Nd2 O-O 14. Ne4
Nxe4 15. Rxe4 Rad8 16. Rg4 g5 17. Rg3 Kh7 18. h4 Rg8 19. hxg5 Bxg5 20. Qf3 Qd7
21. Re1 f5 22. Bc1 Bxc1 23. Rxg8 Rxg8 24. Rxc1 Qg7 25. Re1 Qe7 26. Qxf5+ exf5
27. Rxe7+ Rg7 28. Re5 b6 29. Rxf5 Kg6 30. Rf3 h5 31. Rg3+ Kf6 32. Rxg7 Kxg7 33.
Kh2 Kg6 34. Kh3 Kg5 35. g3 b5 36. f4+ Kf5 37. Kh4 Kg6 38. c3 a5 39. d4 b4 40.
c4 cxd4 41. c5 d3 42. c6 d2 43. c7 d1=Q 44. c8=Q Qh1+ 45. Qh3 Qe4 46. Qf1 Qe7+
47. Kh3 Qe6+ 48. Kh2 Qf6 49. Qd3+ Kf7 50. Qd7+ Kg6 51. Qe8+ Kf5 52. Qxh5+ Ke6
53. Qe5+ Qxe5 54. fxe5 Kxe5 55. Kh3 Kf5 56. Kh4 Kg6 57. g4 Kg7 58. Kh5 Kf6 59.
g5+ Kg7 60. g6 Kf6 61. Kh6 1-0

[Event "4NCL Online Division 5"]
[Site "online"]
[Date "2020.05.12"]
[Round "6.211"]
[White "George, Seb"]
[Black "Wong, Tristan"]
[Result "0-1"]
[WhiteElo "1187"]
[BlackElo "1622"]
[PlyCount "36"]
[EventDate "2020.05.12"]
[WhiteTeam "Watford Juniors B"]
[BlackTeam "Warwickshire Bears C"]

1. e4 Nc6 2. d4 d5 3. exd5 Qxd5 4. Nf3 e5 5. dxe5 Qxd1+ 6. Kxd1 Bg4 7. Be2
O-O-O+ 8. Nbd2 Bxf3 9. Bxf3 Nxe5 10. Be2 Nf6 11. f3 Bc5 12. Ke1 Nd5 13. Nb3
Bb4+ 14. Bd2 Bxd2+ 15. Nxd2 Ne3 16. f4 Nxc2+ 17. Kd1 Ne3+ 18. Ke1 Nxg2+ 0-1

[Event "4NCL Online Division 5"]
[Site "online"]
[Date "2020.05.12"]
[Round "6.212"]
[White "Morris, William"]
[Black "Holland, Nicolas"]
[Result "1-0"]
[WhiteElo "1615"]
[BlackElo "1225"]
[PlyCount "59"]
[EventDate "2020.05.12"]
[WhiteTeam "Warwickshire Bears C"]
[BlackTeam "Watford Juniors B"]

1. e4 e6 2. d4 d5 3. e5 c5 4. c3 Nc6 5. Nf3 b6 6. Nbd2 Nge7 7. Nb3 Nf5 8. Bd3
Nh6 9. O-O Nf5 10. Bf4 a5 11. a4 Ba6 12. Bxa6 Rxa6 13. Qe2 Ra7 14. Qb5 Qc7 15.
dxc5 bxc5 16. Nxc5 Qb6 17. Qxb6 Bxc5 18. Qxc6+ Ke7 19. Qxc5+ Kd8 20. Qxa7 Re8
21. Bg5+ f6 22. exf6 gxf6 23. Bxf6+ Kc8 24. Qa8+ Kd7 25. Qb7+ Kd6 26. Qb6+ Kd7
27. Qb5+ Kd6 28. Qxe8 Kc5 29. Be5 Kc4 30. Qb5# 1-0

[Event "4NCL Online Division 5"]
[Site "online"]
[Date "2020.05.12"]
[Round "6.214"]
[White "Agrawal, Ansh"]
[Black "Demyan, Leo"]
[Result "1-0"]
[WhiteElo "1472"]
[BlackElo "1165"]
[PlyCount "37"]
[EventDate "2020.05.12"]
[WhiteTeam "Warwickshire Bears C"]
[BlackTeam "Watford Juniors B"]

1. e4 e5 2. Nf3 Nc6 3. Bc4 h6 4. Nc3 Nf6 5. O-O Bc5 6. h3 d6 7. Re1 Bd7 8. d3
Qc8 9. Be3 Bxe3 10. Rxe3 Nd4 11. Re1 Nxf3+ 12. Qxf3 g5 13. Qxf6 Bxh3 14. Qxh8+
Ke7 15. Qxc8 Rxc8 16. gxh3 Kf6 17. Kg2 Kg6 18. Kg3 Kh5 19. Bxf7# 1-0